Pracovní poměr v socialistickém právu
Na minha lista:
| Autor principal: | |
|---|---|
| Formato: | Livro |
| Idioma: | tcheco |
| Publicado em: |
Praha
Academia
1984
|
| Tags: |
Sem tags, seja o primeiro a adicionar uma tag!
|
MARC
| LEADER | 00000nam a2200000 4500 | ||
|---|---|---|---|
| 001 | c111084 | ||
| 005 | 20041019155148.7 | ||
| 041 | 0 | |a cze | |
| 044 | |a CZ | ||
| 245 | 1 | 0 | |a Pracovní poměr v socialistickém právu |c Marie Kalenská |
| 264 | 1 | |a Praha |b Academia |c 1984 | |
| 300 | |a 258 s. | ||
| 100 | 1 | |a Kalenská, Marie | |